The monuments of Seti I : epigraphic, historical, and art historical analysis /

Saved in:

Main Author: Brand, Peter James, 1967- (Author)

Format: Book

Language: English

Published: Leiden ; Boston : Brill, 2000.

Series: Probleme der Agyptologie, 16.
PdA ; 16.

Subjects:

Tags: Add Tag

No Tags, Be the first to tag this record!

Call Number: DT57 .P92 v.16

LEADER 01025namaa2200301 4500
001 13296
003 OSt
005 20260421103651.0
008 130303s2000 ne af b 001 0 eng d
010 |a 00062180 
020 |a 9004117709 (alk. paper) 
040 |c ARCE Library 
043 |a f-ua--- 
050 4 |a DT57 .P92 v.16 
100 1 |a Brand, Peter James,   |d 1967-  |e author 
245 1 4 |a The monuments of Seti I :  |b epigraphic, historical, and art historical analysis /  |c by Peter J. Brand. 
264 1 |a Leiden ;  |a Boston :  |b Brill,  |c 2000. 
300 |a xlii, 446 pages, [108] pages of plates :  |b illustrations ;  |c 25 cm. 
490 0 |a Probleme der Agyptologie,   |x 0169-9610 ;   |v 16. 
490 0 |a PdA ;   |v 16. 
504 |a Includes bibliographical references (pages [395]-427) and index. 
600 0 0 |a Seti  |b I,  |c King of Egypt. 
650 0 |a Monuments  |z Egypt. 
651 0 |a Egypt  |x History  |y Nineteenth dynasty, ca. 1320-1200 B.C. 
651 0 |a Egypt  |x Antiquities. 
901 |a reviewed 
942 |c BK  |2 lcc 
999 |c 13203  |d 13203